000 00557nam a22001817a 4500
999 _c5406
_d5406
003 GBCCL
005 20241126110541.0
008 180316b ||||| |||| 00| 0 eng d
040 _cgbc
082 _aVER 226.5061
_bLAL
100 _aLalthanliana, Ronald
_97922
245 _aChanchin Tha Johana Ziak Chhuizauna:
_bPart II (Bung 8 - 14) /
_cRonald Lalthanliana
260 _bEvangelical Free Church of Myanmar,
_aYangon:
_c1997
300 _a671 p.;
_c21 cm.
440 _aL/P Book
_v129
_99712
650 _aBible
_vN. T.
_vJohn
_xSurvey
_99713
942 _2ddc
_cBK